000 00589nam a22001937a 4500
005 20251108172930.0
008 250721s1992 xx 000 0 ara d
082 1 4 _aJ/420.7/SAA
100 1 _asaad، albert
_ecomp.
245 1 4 _athe child education publications /
246 1 3 _aenglish for beginners text book 1
264 1 _aالقاهرة :
_bنهضة مصر للطباعة و النشر،
_c1992.
300 _a47P.
650 1 7 _aENGLISH LANGUAGE
650 1 7 _aLEARNING
653 _aأطفال ما قبل المدرسة (0-5) سنوات
942 _2ddc
_cBK
999 _c92163
_d92163